000 00807nam a2200193Ia 4500
008 090124s9999 xx 000 0 und d
082 _b125802
100 _aरॉबिन्स हॅरॉल्ड
245 _a अमर (Descent from xanaly या कादंबरीचा अनुवाद भाग 1 ला )
250 _a1
260 _c1993
300 _a316
600 _aरॉबिन्स हॅरॉल्ड
630 _a अमर (Descent from xanaly या कादंबरीचा अनुवाद भाग 1 ला )
700 _aमांडे अरुण
700 _aरॉबिन्स हॅरॉल्ड
730 _a अमर (Descent from xanaly या कादंबरीचा अनुवाद भाग 1 ला )
942 _cBOOK
999 _c171892
_d171892